|
|
|
|
| LEADER |
00000nab a2200000 a 4500 |
| 001 |
vtls011430132 |
| 003 |
SK-MaSNL |
| 005 |
20260304013324.0 |
| 008 |
171108c20151228xo dr| z0 0slo |
| 038 |
|
|
|a KEVKJB
|
| 040 |
|
|
|a KEVKJB
|b slo
|c KEVKJB
|e AACR2
|
| 041 |
0 |
|
|a slo
|
| 044 |
|
|
|a xo
|c SK
|
| 080 |
|
|
|a 656.7
|2 2001
|
| 245 |
0 |
0 |
|a Wizz Air ruší linku z Košíc do Milána
|b dočasne, do konca marca 2016, budú obmedzené aj lety do anglického Bristolu
|c [autor] (ac)
|
| 300 |
|
|
|b Fotogr.
|
| 610 |
2 |
7 |
|a Letisko (Košice, Slovensko)
|2 kevkjb
|9 29622
|
| 610 |
2 |
7 |
|a Wizz Air (letecká spoločnosť : Budapešť, Maďarsko)
|2 kevkjb
|9 1087271
|
| 650 |
0 |
7 |
|a letecké linky
|2 kevkjb
|9 1087380
|
| 651 |
|
7 |
|a Košice (Slovensko)
|2 kevkjb
|9 18694
|
| 651 |
|
7 |
|a Miláno (Taliansko)
|2 kevkjb
|9 17071
|
| 651 |
|
7 |
|a Bristol (Anglicko)
|2 kevkjb
|9 106462
|
| 773 |
0 |
|
|t košice:dnes
|g Roč. 2, č. 246 (28.12.2015), s. 7
|x 1339-7605
|
| 852 |
|
|
|a KEVKJB
|b KIS3GCP
|
| 856 |
4 |
1 |
|u http://www.kosicednes.sk/135519/
|
| 999 |
|
|
|c 2575308
|d 2577238
|